000 00354nam a2200157Ia 4500
008 230312s9999||||xx |||||||||||||| ||und||
020 _a81-7992-155-7
082 _a658
_bRUK
100 _aGrow Rich
245 0 _aThink Lazy
260 _bJaico Publishing House
_aMumbai
_c2003
300 _a155
546 _aEng.
650 _aManagement
942 _cBK
999 _c1006
_d1006